logo

Bir Sreshtho Munshi Abdur Rouf Library
Jhenaidah Cadet College

গণিত এবং আরো গণিত / (Record no. 1356)

MARC details
000 -LEADER
fixed length control field 00842nam a2200241 a 4500
001 - CONTROL NUMBER
JCCL Control Number 1356
003 - CONTROL NUMBER IDENTIFIER
JCCL marc code BD-JhCC
005 - DATE AND TIME OF LATEST TRANSACTION
control field 20210329134018.0
008 - FIXED-LENGTH DATA ELEMENTS--GENERAL INFORMATION
fixed length control field 171018s2012 bg d|||| |||| 000 0 ben d
020 ## - INTERNATIONAL STANDARD BOOK NUMBER
International Standard Book Number 9847015201616
035 ## - SYSTEM CONTROL NUMBER
system control number (BD-JhCC)1356
040 ## - CATALOGING SOURCE
Original cataloging agency BD-JhCC
Modifying agency BD-JhCC
041 ## - LANGUAGE CODE
Language code of Book ben
082 ## - DEWEY DECIMAL CLASSIFICATION NUMBER
Classification number 510
Author mark and Year IQB 2012
100 ## - MAIN ENTRY--PERSONAL NAME
Personal name ইকবাল, মুহন্মদ জাফর
245 ## - TITLE STATEMENT
Title গণিত এবং আরো গণিত /
Statement of responsibility, etc মুহন্মদ জাফর ইবপ্ন; জাকারিয়া স্বপন
260 ## - PUBLICATION, DISTRIBUTION, ETC. (IMPRINT)
Place of publication, distribution, etc ঢাকা :
Name of publisher, distributor, etc অনুপম প্রকাশনী,
Date of publication, distribution, etc ২০১২.
300 ## - PHYSICAL DESCRIPTION
Pagination ৩৩৫ পৃ. :
Other physical details ill. ;
Dimensions ২১ সেমি.
650 ## - SUBJECT ADDED ENTRY--TOPICAL TERM
Topical term or geographic name as entry element Mathematics
700 ## - ADDED ENTRY--PERSONAL NAME
Personal name স্বপন, জাকারিয়া
942 ## - ADDED ENTRY ELEMENTS (KOHA)
Source of classification or shelving scheme Dewey Decimal Classification
Koha item type Books
Koha issues (borrowed), all copies 8
Holdings
Source of classification or shelving scheme Damaged status Not for loan Home library Current library Shelving location Cost, normal purchase price Total Checkouts Full call number Barcode Date last seen Copy number Koha item type Date of accession Source of acquisition Date checked out Method of acquisition Currency
Dewey Decimal Classification     JCC Rouf Library JCC Rouf Library General Stacks 300.00   510 ZAF 2012 2287 10/18/2017 C-1 Books          
Dewey Decimal Classification     JCC Rouf Library JCC Rouf Library General Stacks 400.00 10 510 IQB 2012 2363 02/06/2025 C-2 Books 10/30/2017 IPDC 01/23/2025    
Dewey Decimal Classification     JCC Rouf Library JCC Rouf Library General Stacks 450.00 3 510 IQB 2012 19431 11/11/2024 C-3 Books     11/04/2024 Purchase BDT

JCC Library | Contacts | JCC Home

Last Update on 23 September 2017
Copyright @ 2017-2020 JCC Rouf Library
Rouf Library, Jhenidah Cadet College (JCC), Bangladesh